Statistiques concernant Pays européens non membres de l'UE ou de l'OTAN

Cliquez ici pour prendre le quiz!

Statistiques générales

  • Ce quiz a été pris 649 fois
    (557 depuis la dernière actualisation)
  • Le résultat moyen est 21 sur 30

Statistiques - réponses

% Correct
Russie
87%
Suisse
87%
Ukraine
87%
Norvège
86%
Biélorussie
83%
Andorre
80%
Albanie
79%
Kosovo
79%
Kosovo
79%
Vatican
79%
Serbie
78%
Monaco
77%
Suède
77%
Finlande
75%
Saint-Marin
75%
Islande
74%
Liechtenstein
74%
Liechtenstein
74%
Montenegro
73%
Royaume-Uni
73%
Macedoine du Nord
72%
Bosnie-Herzegovine
71%
Moldavie
71%
Malte
65%
Turquie
61%
Irlande
60%
Autriche
57%
Georgie
29%
Azerbaidjan
24%
Kazakhstan
15%

Distribution des résultats

Percentile par nombre de réponses

% des personnes avec chaque résultat

Votre développement - résultats

Vous n’avez pas pris ce quiz depuis la dernière actualisation